000 00827nab a2200241 u 4500
001 16701
003 HDC
007 cr bn ---aaaaa
008 210221c20070721xx dr|noo 0 a eng d
040 _aHDC
100 _aMohd Haikal Mohd Isa
_eauthor
_914609
245 0 _aJakim and Allana still have unresolved issues / by
_cMohd Haikal Mohd Isa
260 _a[No place] :
_b[publisher not identified],
_c2007
336 _atext
_2rdacontent
337 _acomputer
_2rdamedia
338 _aonline resource
_2rdacarrier
650 _ahalal status
_9540
650 _aimported beef
_916412
856 _zRequest full-text at [email protected]
942 _2lcc
942 _cNEWS
942 _kNWSO 005743
999 _c14017
_d14017